|
|
|
|
| LEADER |
01387nam a2200301 a 4500 |
| 001 |
AAL4182 |
| 003 |
BD-DhAAL |
| 005 |
20160318195008.0 |
| 008 |
160318m20019999bg b 000 0 beno |
| 010 |
|
|
|a 2001291909
|
| 020 |
|
|
|a 9844102987
|
| 040 |
|
|
|a DLC
|c DLC
|d DLC
|d BD-DhAAL
|
| 050 |
0 |
0 |
|a HD880.6
|b .I735 2001
|
| 082 |
|
|
|a 333.76/095492
|
| 100 |
1 |
|
|a ইসলাম, কাবেদুল.
|d 1964-
|9 16748
|
| 245 |
1 |
0 |
|a বাংলাদেশের ভূমিরাজস্ব ব্যবস্থা :
|b ১৭৬৫ থেকে ১৯৪৭ খ্রিস্টাব্দ /
|c কাবেদুল ইসলাম.
|n দ্বিতীয় খন্ড
|
| 260 |
|
|
|a ঢাকা :
|b মাওলা ব্রাদার্স ,
|c ২০০২
|
| 300 |
|
|
|a ৩৯৯ পৃ. ;
|c ২২ সে.মি.
|
| 504 |
|
|
|a Includes bibliographical references
|
| 520 |
|
|
|a History of the land revenue system of Bangladesh from ancient times to 1763.
|
| 541 |
|
|
|e 4182
|
| 546 |
|
|
|a In Bengali; includes passages in English.
|
| 650 |
|
0 |
|a Land tenure
|z Bangladesh
|x History.
|9 16749
|
| 650 |
|
0 |
|a Land tenure.
|9 16750
|
| 852 |
|
|
|a Savar Campus Library
|c General Stacks
|
| 942 |
|
|
|2 ddc
|c BK
|
| 999 |
|
|
|c 37148
|d 37148
|
| 952 |
|
|
|0 0
|1 0
|2 ddc
|4 0
|6 333_760000000000000_095492_ISL
|7 0
|9 58417
|a SCL
|b SCL
|c GEN
|d 2016-03-18
|g 350.00
|l 0
|o 333.76095492 ISL
|p 3020004182
|r 2016-03-18
|t 1
|w 2016-03-18
|y BK
|